Guía del apicultor

Uloženo v:
Podrobná bibliografie
Hlavní autor: Philippe, Jean-Marie (autor)
Médium: Kniha
Jazyk:španělština
Vydáno: Madrid Mundi-Prensa 1990
Témata:
Tagy: Přidat tag
Žádné tagy, Buďte první, kdo vytvoří štítek k tomuto záznamu!

MARC

LEADER 00000nam a2200000 a 4500
001 UCP8500
003 CL-VaPUC
005 20250305162537.0
008 000303e19900000SP |||||||||||||||||spa|d
999 |c 285395  |d 285393 
040 |c Pontificia Universidad Católica de Valparaíso 
082 0 4 |a 638.1  |b PHI  |2 21 
100 |a Philippe, Jean-Marie  |e autor  |9 438499 
245 1 0 |a Guía del apicultor 
260 |a Madrid  |b Mundi-Prensa  |c 1990 
300 |a 376 p 
583 |a last modification  |c 20000303 00:00:00  |k Rodrigo Vera 
650 0 |a Apicultura   |9 264400 
650 0 |a Colmena de abejas  |9 393951 
942 |c BK  |2 ddc 
945 |d 20000303 00:00:00  |a vberengu 
952 |0 0  |1 1  |2 ddc  |4 0  |6 638_100000000000000_PHI_1990  |7 0  |8 A  |9 329989  |a BIBAGR  |b BIBAGR  |d 2019-11-20  |i 3595641  |o 638.1 PHI 1990  |p 3595641  |r 2019-11-20  |w 2019-11-20  |y BK  |k AGR 
952 |0 0  |1 0  |4 0  |6 638_100000000000000_PHI_1990  |7 0  |8 A  |9 329990  |a BIBAGR  |b BIBAGR  |d 2019-11-20  |i 359565K  |l 7  |m 2  |o 638.1 PHI 1990  |p 359565K  |r 2025-01-20  |s 2022-08-29  |w 2019-11-20  |y BK  |k AGR